000
00443nam a2200181Ia 4500
008
090124s9999 xx 000 0 und d
082
_b
104888
100
_a
सोमण द.चिं.
245
_a
गुंजा
250
_a
1
260
_c
1954
300
_a
52
600
_a
सोमण द.चिं.
630
_a
गुंजा
700
_a
सोमण द.चिं.
730
_a
गुंजा
942
_c
BOOK
999
_c
150980
_d
150980